One Direction- Lyrics to Rock Me - Statistics

General Stats
  • This quiz has been taken 6,109 times
  • The average score is 21 of 27
Answer Stats
Hint Answer % Correct
Do you _____ summer '09? remember
99%
I want you to ___ __, ___ __, ____ __, yeah rock me
88%
I want you to ___ __, ___ __, ___ __, yeah rock me
88%
I want you to ___ __, ____ __, ___ __, yeah rock me
88%
______ metal heavy
85%
Why would I ever want to ___ you go let
85%
Show me you ____ care
83%
I used to think that I was ____ alone better
82%
The ___ you whispered I will always believe words
82%
Playing this guitar by the ___ too loud fire
81%
Under the _____ as we stared at the sea moonlight
81%
Lying on the ____ as the sun blew out beach
80%
___ ___ you to rock me, rock me, rock me, yeah i want
80%
___ ___ you to rock me, rock, me, rock me, yeah i want
80%
I used to ____ I was better alone think
80%
Heavy _____ metal
79%
I want ___ to hit the pedal you
79%
____ me you care show
78%
You were mine and we never said _____ goodbye
77%
I want you to ___ the ___ hit, pedal
76%
Under the moonlight as we ______ at the sea stared
75%
The words you ______ I will always believe whispered
75%
Why would I ever _____ let you go? wanna
74%
We were ______ summer '09 together
72%
Just can't ____, was the best ___ of my life lie, time
69%
___ ___ ___ ____ ____ __, ____ __, ____ __, yeah I want you to rock me rock me rock me
46%
Wanna ___ back like pressing rewind roll
43%
No matching quizzes found
Score Distribution
Percent of People with Each Score
Percentile by Number Answered
Your Score History
You have not taken this quiz